000
00296nam a22001337a 4500
008
181105b xxu||||| |||| 00| 0 eng d
020
_a
0865510164
041
_a
eng
080
_a
616.5
100
_a
7
101
_a
DER
245
_a
Your Skin & How to live in it
_c
Litt, J.Z
942
_2
udc
_c
BK
999
_c
51867
_d
51867